000 00991nam a22002417a 4500
008 080804s2011 enk|||||r|||| 000 0 eng d
020 _a0521739195
020 _a9780521739191
020 _a9780521173797 (2 CDs)
082 _222
_a428.24076
_bCAM TR
245 _aCambridge IELTS 8 :
_bExamination Papers from University of Cambridge ESOL Examinations /
_cCambridge ESOL
260 _aNew York :
_bCambridge University press,2011
_c2011
300 _a176 p. :
_bill. ;
_c24 cm. +
_e2 CD-ROMs (4 3/4 in.)
500 _aCover title: "Official examination papers from University of Cambridge ESOL Examinations"
500 _a"Past papers."--Cover.
500 _a"Past papers."--Cover.
650 _910201
_aEnglish language
_vTextbooks for foreign speakers.
650 _99157
_aEnglish language
_vExaminations, questions, etc.
653 _bENG
_cSeptember2011
650 _913550
_aInternational English Language Testing System
710 _938
_aCambridge University
942 _2ddc
_cBB
999 _c16093
_d16093